Historia mínima de México

Saved in:
Bibliografiske detaljer
Main Authors: Cosío Villegas, Daniel (Author), Bernal, Ignacio (Author), Moreno Toscano, Alejandra (Author), González y González, Luis (Author), Blanquel, Eduardo (Author)
Andre forfattere: Meyer, Lorenzo (autor)
Format: Bog
Sprog:spansk
Udgivet: Ciudad de México El Colegio de México 1994
Udgivelse:2a. ed
Fag:
Tags: Tilføj Tag
Ingen Tags, Vær først til at tagge denne postø!

MARC

LEADER 00000cam a2200000 a 4500
001 UCE9384
003 CL-VaPUC
008 151022e19940000mx |||||||||||||||||spa|d
020 |a 9681206185 
082 0 4 |a 972  |b COS  |2 21 
100 0 |a Cosío Villegas, Daniel  |e author  |9 582218 
700 0 |a Bernal, Ignacio  |e author  |9 582219 
700 0 |a Moreno Toscano, Alejandra  |e author  |9 582220 
700 |a González y González, Luis  |e author  |9 582221 
700 0 |a Blanquel, Eduardo  |e author  |9 582222 
700 |a Meyer, Lorenzo  |e autor  |9 582223 
245 1 0 |a Historia mínima de México 
250 |a 2a. ed 
300 |a 181 p 
942 |c BK 
945 |d 20151022 17:18:00  |a dcastane 
260 |a Ciudad de México  |b El Colegio de México  |c 1994 
650 0 |a Historia de México  |9 321806 
583 |a last modification  |c 20151022 17:18:00  |k Rodrigo Vera 
999 |c 361048  |d 361046 
952 |0 0  |1 0  |3 erb  |4 0  |6 972_000000000000000_COS_1994  |7 0  |8 C  |9 471369  |a BIBCUR  |b BIBCUR  |i 5206618  |o 972 COS 1994  |p 5206618  |r 2025-04-22  |w 2019-11-24  |y BK  |z Catalogado en:20151022  |k CAC